000 00892nam a2200277Ia 4500
003 OSt
005 20220918201047.0
006 a|||||r|||| 00| 0
007 ta
008 220917b |||||||| |||| 00| 0 eng d
024 _a91,451
037 _cTextual
040 _aARTS
_cARTS
_beng
041 _2eng
_aeng
082 _aV1:19(zM).N45<--N39, L2
100 _aChilds Harlood Ed
_996619
245 0 _aPropagnia by short wave. 2. War on the short waves
260 _aNew York
_bArno Press
_c1972
300 _axii, 355p.
_ccm.
490 _aInternational propaganda and communicated by Christopher H Sterling
650 _aWAR; WORLD HISTORY
700 _a Rigby C.A. Ed.
_996620
700 _a Whitton John B. Ed.
_996621
942 _hV1:19(zM).N45<--N39, L2
_cTEXL
_2CC
999 _c215110
_d215110